˜Les œeaux profondes (Record no. 13995)

MARC details
010 ## - Numéro international normalisé du livre (ISBN)
ISBN 9782957958122
Disponibilité et/ou prix 5 EUR
099 ## - Visibilité opac
notice masquée en opac Non
100 ## - Données générales de traitement
Données générales de traitement 20230208d2022 m y0frey50 ba
101 0# - Langue de la ressource
Langue du texte, de la bande son, etc. français
102 ## - Pays de publication ou de production
Pays de publication France
200 1# - Titre et mention de responsabilité
Titre propre ˜Les œeaux profondes
Complément du titre une commande de La Maison Théâtre dans le cadre du projet "Dans la cour de notre mythologie"
Indication générale du type de document Livre
214 #0 - Mentions de production, publication, diffusion et manufacture
Nom de l’éditeur La Maison Théâtre
Date de publication DL 2022
215 ## - Description physique
Nombre de pages 1 vol. (49 p.)
225 1# - Collection
Titre de la collection ˜Les œcahiers théâtre
Numéro de collection 3
323 ## - Nombre de personnages
Texte de la note 10 personnages
330 ## - Résumé ou extrait
Texte de la note Un jour de pluie, une fille s’apprête à naître dans une famille de trois garçons : Alex, Bart et César — les ABC. Le prénom que veut lui donner son père doit prolonger la liste alphabétique, mais la mère choisit d’appeler son enfant Alma. Ligne de faille qui ne cessera de s’élargir au fil des années pour le père, prompt à dévorer son entourage. Esquisse d’un nouvel horizon pour tous les enfants du quartier arrivés à l’adolescence.<br/><br/>En s’inspirant du mythe de Cronos, Céline BERNARD nous livre une histoire envoûtante racontée par un chœur d’adolescent·e·s prêt·e·s à plonger dans le grand fleuve de leur vie.
610 ## - Mot-clé
Mot-clé jeunesse
-- adolescence
-- mythologie
700 #1 - Auteur principal
Nom Bernard
Prénom Céline
105 ## - Zone de données codées : textes, monographies
Données codées sur les monographies textuelles y ||||000by
181 ## - Zone de données codées : Forme de la ressource
Données de liaison entre champs z01
Autre référentiel utilisé pour coder la forme du contenu texte
Code du référentiel rdacontent
181 #1 - Zone de données codées : Forme de la ressource
Données de liaison entre champs z01
Forme du contenu selon l’ISBD sous forme codée i#
Qualificatif(s) du contenu selon l’ISBD sous forme codée xxxe##
182 ## - Zone de données codées : type de média
Données de liaison entre champs z01
Autre référentiel utilisé pour coder le type de médiation sans média
Code du référentiel rdamedia
182 #1 - Zone de données codées : type de média
Données de liaison entre champs z01
Type de médiation selon l’ISBD sous forme codée sans média
183 #1 - Zone de données codées : Type de carrière
Données de liaison entre champs z01
Type de support sous forme codée nga
Code du référentiel RDAfrCarrier
214 #0 - Mentions de production, publication, diffusion et manufacture
Lieu de publication, production, distribution/diffusion, fabrication Strasbourg
215 ## - Description physique
Dimensions 21 cm
321 ## - note sur les index, extraits et citations publiés séparément
Nom de la source La Revue des livres pour enfants
Localisation dans la source 329
Numéro international normalisé 0398-8384
333 ## - Note sur le public destinataire
Texte de la note À partir de 13 ans
410 ## - Collection
Titre de l'oeuvre ˜Les œcahiers théâtre
608 ## - Vedette de Forme, Genre ou Caractéristiques physiques
Identifiant de la notice d'autorité 027824063
Élément d'entrée Théâtre pour la jeunesse
Code du format utilisé rameau
700 #1 - Auteur principal
Identifiant de la notice d'autorité 196170400
Code de fonction Auteur
801 #3 - Origine de la notice
Pays FR
Agence de catalogage Abes
Date de la transaction 20251105
Règles de catalogage utilisées AFNOR
801 #0 - Origine de la notice
Pays FR
Agence de catalogage FR-751131015
Date de la transaction 20230130
Règles de catalogage utilisées AFNOR
Code du format utilisé intermrc
000 -Etiquette de la notice
Leader 02093cam0a2200457 4500
003 - Identifiant de la notice
Identifiant http://www.sudoc.fr/267545649
005 - Identifiant de la version
Identifiant 20260113154406.0
033 ## - Identifiant pérenne dans d’autres systèmes
Identifiant de la notice http://catalogue.bnf.fr/ark:/12148/cb47177373s
035 ## - Identifiant de la notice dans un autre système
Identifiant de la notice dans un autre système (OCoLC)1389839130
035 ## - Identifiant de la notice dans un autre système
Identifiant de la notice dans un autre système FRBNF47177373000000X
Numéro erroné ou annulé FRBNF47177373
073 #0 - EAN
Numéro normalisé 9782957958122
Holdings
Exclu du prêt Date de création Site actuel Code barre Date prix de remplacement Cote Statut Site de rattachement Type de document Koha
  13.01.2026 Théâtre Joliette JOL 007696 13.01.2026 TH BER 10   Théâtre Joliette Livre